Historia del análisis económico (Registro nro. 3307)
[ vista simple ]
| 000 -LEADER | |
|---|---|
| fixed length control field | 02296 a2200253 4500 |
| 001 - CONTROL NUMBER | |
| control field | 40779 |
| 005 - DATE AND TIME OF LATEST TRANSACTION | |
| control field | 20260407155703.0 |
| 008 - FIXED-LENGTH DATA ELEMENTS--GENERAL INFORMATION | |
| fixed length control field | 260407a1971 arg spa d |
| 003 - CONTROL NUMBER IDENTIFIER | |
| control field | AR-UNSa-BCEJYS |
| 040 ## - CATALOGING SOURCE | |
| Original cataloging agency | AR-UNSa-BCEJYS |
| Language of cataloging | spa |
| Transcribing agency | AR-UNSa-BCEJYS |
| 080 ## - UNIVERSAL DECIMAL CLASSIFICATION NUMBER | |
| Universal Decimal Classification number | 330.8 |
| Common auxiliary subdivision | Historia de las teorías, Doctrinas, Dogmas económicos (pensamiento económico) |
| 041 ## - LANGUAGE CODE | |
| Language code of text/sound track or separate title | spa |
| 100 1# - MAIN ENTRY--PERSONAL NAME | |
| Personal name | Schumpeter, Joseph A. |
| 245 10 - TITLE STATEMENT | |
| Title | Historia del análisis económico |
| 264 #1 - PRODUCTION, PUBLICATION, DISTRIBUTION, MANUFACTURE, AND COPYRIGHT NOTICE | |
| Place of production, publication, distribution, manufacture | Barcelona : |
| Name of producer, publisher, distributor, manufacturer | Ediciones Ariel |
| Date of production, publication, distribution, manufacture, or copyright notice | 1971 |
| 300 ## - PHYSICAL DESCRIPTION | |
| Extent | 1371 p. |
| Dimensions | 23 cm. |
| 505 ## - FORMATTED CONTENTS NOTE | |
| Formatted contents note | Parte I: Introducción. Alcance y método: 1. Introducción y plan - 2. Interludio I. Las técnicas del análisis económico - 3. Interludio II. Desarrollos contemporáneos en otras ciencias - 4. La sociología de la economía -- Parte II: Desde los comienzos hasta la primera situación clásica (hasta 1790 aproximadamente): 1. La ciencia economía grecorromana - 2. Los doctores escolásticos y los filósofos del derecho natural - 3. Políticos y panfletistas - 4. Los econometristas y Turgot - 5. Población, rendimientos, salarios y ocupación - 6. Valor y dinero - 7. La literatura "mercantilista" -- Parte III: De 1790 a 1870: 1. Introducción y plan - 2. Trasfondo político-social - 3. El marco intelectual - 4. Revista de las tropas - 5. Economía general: corte transversal - 6. Economía general: Teoría pura - 7. Moneda, crédito y ciclos -- Parte IV: De 1870 a 1914 (Y posteriormente): 1. Introducción y plan - 2. Trasfondo y estructuras - 3. Algunos desarrollos de campos limítrofes - 4. La Sozialpolitik y el método histórico - 5. La economía general del período, los hombres y los grupos - 6. Economía general: carácter y contenio - 7. El análisis del equilibrio - 8. Moneda, crédito y ciclos -- Parte V: Conclusión: esquema de los desarrollos modernos: 1. Introducción y plan - 2. Desarrollos entrocados con el aparato de Marshall y Wicksell - 3. La ciencia económica en los países "totalitarios" - 4. La dinámica y la investigación del ciclo económico - 5. Keynes y la macroeconomía moderna |
| 590 ## - LOCAL NOTE (RLIN) | |
| Local note | niveau_biblio:m niveau_hierar:0 |
| 700 1# - ADDED ENTRY--PERSONAL NAME | |
| Personal name | Schumpeter, Elizabeth Boody |
| 700 1# - ADDED ENTRY--PERSONAL NAME | |
| Personal name | Sacristán, Manuel |
| 700 1# - ADDED ENTRY--PERSONAL NAME | |
| Personal name | García Durán, José Antonio |
| 700 1# - ADDED ENTRY--PERSONAL NAME | |
| Personal name | Serra, Narciso |
| 942 ## - ADDED ENTRY ELEMENTS (KOHA) | |
| Koha item type | |
| Withdrawn status | Lost status | Damaged status | Not for loan | Home library | Current library | Shelving location | Date acquired | Total checkouts | Full call number | Barcode | Date last seen | Price effective from | Koha item type |
|---|---|---|---|---|---|---|---|---|---|---|---|---|---|
| Biblioteca Prof. Eusebio Cleto del Rey | Biblioteca Prof. Eusebio Cleto del Rey | 07/04/2026 | 330.8 S392a | L23781 | 07/04/2026 | 07/04/2026 | Libro | ||||||
| Biblioteca Prof. Eusebio Cleto del Rey | Biblioteca Prof. Eusebio Cleto del Rey | 07/04/2026 | 330.8 S392a | L26377 | 07/04/2026 | 07/04/2026 | Libro |